Tennis - Olympic games medallists (singles competition) - Statistics

General Stats
  • This quiz has been taken 262 times
    113 since last reset
  • The average score is 23 of 57
Answer Stats
Games Answer % Correct
2008 Beijing,2024 Paris Novak Đoković
96%
2012 London Roger Federer
96%
2008 Beijing Rafael Nadal
95%
2012 London,2016 Rio de Janeiro Andy Murray
91%
2024 Paris Carlos Alcaraz
89%
2020 Tokyo Alexander Zverev
88%
2012 London,2016 Rio de Janeiro Juan Martin del Potro
87%
2012 London Serena Williams
86%
2000 Sydney Venus Williams
86%
1996 Atlanta Andre Agassi
81%
2024 Paris Iga Swiatek
71%
2012 London Maria Sharapova
67%
1988 Seoul,1992 Barcelona Steffi Graf
62%
2020 Tokyo Karen Khachanov
52%
2024 Paris Qinwen Zheng
52%
2016 Rio de Janeiro Angelique Kerber
51%
2004 Athens Justine Henin-Hardenne
48%
2024 Paris Lorenzo Musetti
48%
2016 Rio de Janeiro Kei Nishikori
47%
2020 Tokyo Pablo Carreno Busta
46%
2004 Athens,2008 Beijing Fernando Gonzalez
45%
2016 Rio de Janeiro Monica Puig
45%
2000 Sydney Monika Seleš
45%
1996 Atlanta Lindsay Davenport
44%
2012 London Victoria Azarenka
44%
2016 Rio de Janeiro Petra Kvitova
40%
2024 Paris Donna Vekić
39%
2004 Athens Amelie Mauresmo
36%
1988 Seoul Stefan Edberg
36%
2020 Tokyo Belinda Bencic
35%
2000 Sydney Yevgeny Kafelnikov
32%
1992 Barcelona Goran Ivanišević
31%
2008 Beijing Dinara Safina
29%
2000 Sydney,2008 Beijing Elena Dementieva
29%
1992 Barcelona Jennifer Capriati
29%
2004 Athens Nicolas Massu
29%
2020 Tokyo Marketa Vondroušova
27%
1992 Barcelona,1996 Atlanta Arantxa Sanchez Vicario
25%
2020 Tokyo Elina Svitolina
25%
1988 Seoul Gabriela Sabatini
25%
1996 Atlanta Sergi Bruguera
24%
1992 Barcelona Marc Rosset
21%
2000 Sydney Tommy Haas
20%
2008 Beijing Vera Zvonareva
19%
1996 Atlanta Jana Novotna
16%
2004 Athens Mardy Fish
15%
1992 Barcelona Mary Joe Fernandez
14%
1996 Atlanta Leander Paes
12%
1988 Seoul Miloslav Mečir
9%
1992 Barcelona Jordi Arrese
7%
2004 Athens Alicia Molik
6%
2000 Sydney Arnaud Di Pasquale
6%
1988 Seoul Manuela Maleeva
6%
1988 Seoul Zina Garrison
6%
1988 Seoul Brad Gilbert
4%
1988 Seoul Tim Mayotte
4%
1992 Barcelona Andrei Cherkasov
2%
No matching quizzes found
Score Distribution
Percent of People with Each Score
Percentile by Number Answered
Your Score History
You have not taken this quiz since the last reset